[Event "Tromsoe NNM Class2"]
[Site "Tromsoe"]
[Date "2017.06.05"]
[Round "6"]
[White "Straume, Hakon"]
[Black "Roksvold, Thore"]
[Result "0-1"]
[WhiteElo "1531"]
[BlackElo "1467"]
[PlyCount "114"]
[EventDate "2017.06.02"]
[EventType "swiss"]
[EventRounds "6"]
[EventCountry "NOR"]
[SourceTitle "EXT 2024"]
[Source "ChessBase"]
[SourceDate "2023.10.10"]
[SourceVersion "1"]
[SourceVersionDate "2023.10.10"]
[SourceQuality "1"]

1. Nf3 d5 2. g3 e6 3. Bg2 f5 4. d4 Bd6 5. c4 c6 6. Bg5 Nf6 7. e3 0-0 8. Nbd2 Qe8 9. Bxf6 Rxf6 10. c5 Bc7 11. Qe2 Nd7 12. Nh4 e5 13. Ndf3 Ba5+ 14. Kf1 exd4 15. Nxd4 Nxc5 16. Qc2 Ne4 17. Nb3 Bc7 18. Nf3 g5 19. Nxg5 Nxg5 20. Bxd5+ Be6 21. Bxe6+ Qxe6 22. Nc5 Qd5 23. Ke2 Qf3+ 24. Kd3 Rd8+ 25. Kc4 b5+ 26. Kc3 Qd5 27. Qb3 Ne4+ 28. Nxe4 Qxb3+ 29. axb3 fxe4 30. Rxa7 Be5+ 31. Kb4 Rxf2 32. Rc1 Rc8 33. Rd1 Rf7 34. Rdd7 Rxd7 35. Rxd7 Bxb2 36. Re7 c5+ 37. Kxb5 Rb8+ 38. Kc4 Rb4+ 39. Kd5 Ba3 40. Re8+ Kf7 41. Rc8 Rxb3 42. Kxe4 Rc3 43. Rc7+ Kg6 44. Rc6+ Kh5 45. Kf3 Bc1 46. g4+ Kg5 47. h4+ Kxh4 48. Rh6+ Kg5 49. Rxh7 Bxe3 50. Rh5+ Kg6 51. Rf5 Bd4+ 52. Kg2 Rc1 53. Kf3 Bb2 54. Rd5 c4 55. Kf4 Rf1+ 56. Ke4 c3 57. Kd3 Rd1+ 0-1

[Event "Tromsoe NNM Class2"]
[Site "Tromsoe"]
[Date "2017.06.04"]
[Round "5"]
[White "Steinnes, Simon"]
[Black "Straume, Hakon"]
[Result "1-0"]
[WhiteElo "1729"]
[BlackElo "1531"]
[PlyCount "99"]
[EventDate "2017.06.02"]
[EventType "swiss"]
[EventRounds "6"]
[EventCountry "NOR"]
[SourceTitle "EXT 2024"]
[Source "ChessBase"]
[SourceDate "2023.10.10"]
[SourceVersion "1"]
[SourceVersionDate "2023.10.10"]
[SourceQuality "1"]

1. d4 d5 2. c4 Nf6 3. cxd5 Nxd5 4. e4 Nb6 5. Nf3 e6 6. Nc3 c5 7. Be3 cxd4 8. Qxd4 Qxd4 9. Nxd4 Bb4 10. Ndb5 Na6 11. a3 Bxc3+ 12. Nxc3 Nc7 13. Be2 0-0 14. 0-0 Nd7 15. f4 b6 16. Nb5 Nxb5 17. Bxb5 Nf6 18. e5 Nd5 19. Kf2 Nxe3 20. Kxe3 Bb7 21. g3 Rac8 22. Rac1 Rxc1 23. Rxc1 Rc8 24. Rxc8+ Bxc8 25. Bc6 Ba6 26. b4 Bf1 27. a4 a5 28. bxa5 bxa5 29. Kd4 Kf8 30. Kc5 Ke7 31. Kb6 Kd8 32. Kxa5 Kc7 33. Be4 h6 34. Kb4 Be2 35. Kc5 Ba6 36. a5 Be2 37. Bc6 f5 38. Bb5 Bf3 39. a6 Bg2 40. Be8 Bf3 41. a7 Bd5 42. Bf7 Kd7 43. Kb6 Ke7 44. Bh5 Kd7 45. Be2 g5 46. Ba6 gxf4 47. gxf4 Ba8 48. Bb7 h5 49. Bxa8 Kc8 50. Bf3 1-0

[Event "Tromsoe NNM Class2"]
[Site "Tromsoe"]
[Date "2017.06.02"]
[Round "1"]
[White "Straume, Hakon"]
[Black "Shabalin, Vladimir"]
[Result "1/2-1/2"]
[WhiteElo "1531"]
[BlackElo "1654"]
[PlyCount "75"]
[EventDate "2017.06.02"]
[EventType "swiss"]
[EventRounds "6"]
[EventCountry "NOR"]
[SourceTitle "EXT 2024"]
[Source "ChessBase"]
[SourceDate "2023.10.10"]
[SourceVersion "1"]
[SourceVersionDate "2023.10.10"]
[SourceQuality "1"]

1. Nf3 d5 2. g3 Nf6 3. Bg2 Nc6 4. d4 e6 5. c4 Bb4+ 6. Bd2 Bxd2+ 7. Nbxd2 0-0 8. 0-0 Rb8 9. Rc1 Ne7 10. Ne5 c6 11. b4 Qb6 12. e3 Qxb4 13. Nb3 Nd7 14. Nxd7 Bxd7 15. Rb1 Qxc4 16. Nc5 Bc8 17. Qd2 b6 18. Rfc1 Qxc1+ 19. Qxc1 e5 20. dxe5 Bf5 21. Rb2 bxc5 22. Rxb8 Rxb8 23. Qxc5 Rb1+ 24. Bf1 Ng6 25. Kg2 Be4+ 26. f3 Rb2+ 27. Kh3 Bxf3 28. Qxa7 h5 29. g4 h4 30. e4 dxe4 31. Qg1 Rxa2 32. g5 e3 33. Qxe3 Bd5 34. Be2 Be6+ 35. Bg4 Bd5 36. Bf3 Be6+ 37. Bg4 Bd5 38. Bf3 1/2-1/2

[Event "Tromsoe Mars GP B"]
[Site "Tromsoe"]
[Date "2017.03.26"]
[Round "6"]
[White "Vestby, Anniken"]
[Black "Straume, Hakon"]
[Result "1/2-1/2"]
[WhiteElo "794"]
[BlackElo "992"]
[PlyCount "59"]
[EventDate "2017.03.24"]
[EventType "swiss"]
[EventRounds "7"]
[EventCountry "NOR"]
[SourceTitle "EXT 2024"]
[Source "ChessBase"]
[SourceDate "2023.10.10"]
[SourceVersion "1"]
[SourceVersionDate "2023.10.10"]
[SourceQuality "1"]

1. e4 e5 2. Nf3 Nc6 3. Bb5 a6 4. Ba4 Nf6 5. d3 b5 6. Bb3 Be7 7. c3 d6 8. 0-0 0-0 9. Re1 Na5 10. Bc2 c5 11. d4 cxd4 12. cxd4 Re8 13. dxe5 dxe5 14. Nxe5 Qxd1 15. Bxd1 Bf8 16. f4 Bb7 17. Bf3 Rad8 18. Bd2 Nc4 19. Bc3 Bc5+ 20. Kh1 Ne3 21. Na3 Nxe4 22. Ba5 Nf2+ 23. Kg1 Nh3+ 24. gxh3 Ng4+ 25. Kg2 Ne3+ 26. Kg3 Nf5+ 27. Kg4 Ne3+ 28. Kg3 Nf5+ 29. Kg4 Ne3+ 30. Kg3 1/2-1/2